00835nam a2200205 i 4500001000700000003000700007005001700014008004100031080002200072100002200094245018500116246001000301250001200311260005100323300004000374490005300414600001900467830005300486852009000539188228SpMaBN20230906223140.0180626s1944 sp f |||| |bspa d a929 Nobel, Alfred1 aOller Xaus, Juan.10aAlfredo Bernardo Nobel, inventor de los explosivos rápidos, progreso en la paz, destrucción y muerte en la guerra / cpor Juan Oller Xaus ; con cuatro láminas fuera de texto.34aNobel a1ª ed. aBarcelona : bFelipe González-Rojas, c1944. a124 p., [4] h. de lám. ; c17 cm.1 aPequeñas biografías de grandes hombres ; v214aNobel, Alfred.0 aPequeñas biografías de grandes hombres ; v2 aES-MaACLjL-32088 z. - Donat. herederos de la bibl. de Mª del Pilar Costa Palacín